| 000 | 01356nam a2200433 c 4500 | ||
|---|---|---|---|
| 001 | 13292 | ||
| 003 | ES-MaCES | ||
| 005 | 20250121040009.0 | ||
| 008 | 020129s2001 sp b t o000 | spa d | ||
| 017 |
_aM 46217-2001 _bDL |
||
| 020 | _a8477999686 | ||
| 024 | 7 |
_a207-01-071-4 _2nipo |
|
| 035 | _aCES20020001854m | ||
| 040 |
_aES-MaCES _bspa _cES-MaCES |
||
| 100 | 1 |
_aAlemany, Carme _95891 |
|
| 245 | 1 | 3 |
_aEl acoso sexual en los lugares de trabajo _cCarme Alemany, Véronique Luc, Carmen Mozo González |
| 260 |
_aMadrid _bInstituto de la Mujer _c2001 |
||
| 300 |
_a230 p. _c24 cm |
||
| 490 | 1 |
_aEstudios _v70 |
|
| 504 | _aBibliografía: p. 222-226 | ||
| 541 | _cGratuito | ||
| 650 | 4 |
_amujeres _928657 |
|
| 650 | 4 |
_atrabajadora _928413 |
|
| 650 | 4 |
_aacoso sexual _929555 |
|
| 650 | 4 |
_asector industrial _927618 |
|
| 650 | 4 |
_aobrero de la industria química _928426 |
|
| 650 | 4 |
_aAndalucia _930791 |
|
| 650 | 4 |
_aCataluña _930774 |
|
| 650 | 4 |
_aEspaña _926964 |
|
| 653 | 1 | 0 | _aMujer |
| 650 | 4 |
_930761 _asector financiero |
|
| 700 | 1 |
_aLuc, Véronique _917106 |
|
| 700 | 1 |
_aMozo González, Carmen _919275 |
|
| 710 | 2 |
_aInstituto de la Mujer (España) _eed. _94190 |
|
| 830 | 0 |
_aEstudios (Instituto de la Mujer (España)) _v70 _932074 |
|
| 902 | _aLIB Libro | ||
| 942 |
_2CES _cBK _h3.3. |
||
| 999 |
_c13292 _d13292 |
||